High Court Rules and Orders Civil & Criminal: (Record no. 613994)
[ view plain ]
| 000 -LEADER | |
|---|---|
| fixed length control field | 00392nam a22001217a 4500 |
| 082 ## - DEWEY DECIMAL CLASSIFICATION NUMBER | |
| Classification number | 347.549103 |
| Author Mark | CHO |
| 100 ## - MAIN ENTRY--PERSONAL NAME | |
| Personal name | Chohan, Muhammad Nasir |
| 245 ## - TITLE STATEMENT | |
| Title | High Court Rules and Orders Civil & Criminal: |
| Remainder of title | [with all amendments and upto date case law] Vol I-V / |
| Statement of responsibility, etc. | Muhammad Nasir Chohan |
| 260 ## - PUBLICATION, DISTRIBUTION, ETC. | |
| Place of publication, distribution, etc. | Lahore: |
| Name of publisher, distributor, etc. | Law Book House, |
| Date of publication, distribution, etc. | N.A. |
| 300 ## - PHYSICAL DESCRIPTION | |
| Extent | 1280 p. |
| 563 ## - BINDING INFORMATION | |
| Binding note | HB. |
| 942 ## - ADDED ENTRY ELEMENTS (KOHA) | |
| Source of classification or shelving scheme | |
| Koha item type | Book |
| Withdrawn status | Lost status | Source of classification or shelving scheme | Damaged status | Not for loan | Permanent Location | Current Location | Date acquired | Total Checkouts | Full call number | Barcode | Date last seen | Price effective from | Koha item type |
|---|---|---|---|---|---|---|---|---|---|---|---|---|---|
| NUST Law School (NLS) | NUST Law School (NLS) | 06/29/2025 | 347.549103 CHO | NLS-2915 | 06/29/2025 | 06/29/2025 | Book | ||||||
| NUST Law School (NLS) | NUST Law School (NLS) | 06/29/2025 | 347.549103 CHO | NLS-2916 | 06/29/2025 | 06/29/2025 | Book | ||||||
| NUST Law School (NLS) | NUST Law School (NLS) | 06/29/2025 | 347.549103 CHO | NLS-2917 | 06/29/2025 | 06/29/2025 | Book |
